000 00284 a2200109 4500
001 ART_49236
005 20260410161631.0
008 260409a
245 1 0 _aAjuste por inflación
100 1 _aZgaib, Alfredo O.
773 0 _tEnfoques
_g- N°6 (jun. 2019)
_wREV416
999 _c12474
_d12474